• 首页
  • 本馆介绍
  • 公告通知
  • 最新文献
  • 馆藏检索
  • 电子资源
  • 读者导购
  • 参考咨询
  • 我的图书馆
  • 登录
  • 详细信息显示
  • 放入我的书架
  • 预约/预借图书
  • 作者相关作品
  • 分类相关作品
  • 丛书相关作品
  • 出版社相关作品

书目信息

  • 表格格式
  • 工作单格式
  • 卡片格式
题名:
中国古典舞教材
    
 
作者: 李珍 著
分册:  
出版信息: 北京   人民音乐出版社  2001
页数: 127
开本: 26cm
丛书名:
单 册:
中图分类: J72
科图分类:
主题词: 舞剧--中国 , 舞蹈艺术--中国
电子资源:
ISBN: 7-103-02333-6
000 00613nam0 2200205 450
001 0758474734
005 20070817161434.73
010    @a7-103-02333-6@dCNY 18.30
100    @a20070817d km y0chiy0120 ea
101 0  @achi
200 1  @a中国古典舞教材@Azhong guo gu dian wu jiao cai@e技巧.剑舞.长袖@f李珍著@Fli zhen zhu
210    @a北京@c人民音乐出版社@d2001
215    @a127@c照片@d26cm
517 1  @a技巧·剑舞·长袖@Aji qiao·jian wu·chang xiu
606 0  @a舞剧@x中国
606 0  @a舞蹈艺术@x中国
690    @aJ72@v3
701  0 @a李珍@Ali zhen@4著
801  0 @aCN@bPFT@c20070817
905    @a213230@dJ72@eY3@f1
    
    中国古典舞教材:技巧.剑舞.长袖/李珍著.-北京:人民音乐出版社,2001
    127:照片;26cm
    
    
    ISBN 7-103-02333-6:CNY 18.30
    
●
相关链接 在E读中查询图书 在五车中查询图书 在当当中查询图书 在豆瓣中查询图书


正题名:中国古典舞教材     索取号:J72/Y3         预约/预借

序号 登录号 条形码 馆藏地/架位号 状态 备注
1 7401169   274011696   音乐系资料室/ [索取号:J72/Y3] 在馆    
2 7401170   274011703   密集书库-音乐系/ [索取号:J72/Y3] 在馆    
3 7401171   274011712   密集书库-音乐系/ [索取号:J72/Y3] 在馆    
唐山师范学院图书馆 欢迎您!
大连网信软件有限公司© 版权所有